000 01027nam a2200277 a 4500
001 000024819
005 20260417182716.0
008 110203s1995 sp r 000 j spa d
020 _a848727790X
040 _aDO-SdBNP
_bspa
_cBNPHU
082 _a868.9922
_bP944h
100 1 _aPrezzolini , Giuseppe
_950930
245 1 0 _aPremios Tiflos de cuento :
_bescritores ciegos : antología 1986-1993 /
_cedición Vicenta Blanco Ferrero y Ángel García López; prólogo Ana Vicandi.
260 _aMadrid, (España) :
_bOrganización Nacional de Ciegos Españoles,
_c1995.
300 _a148 p. ;
_c18 cm.
490 1 _aTiflos narrativa
_v16
650 4 _aCuentos hispanoamericanos
_99678
650 0 _aLiteratura hispanoamericana
_9318
650 4 _aCuentos
_xColecciones
_98799
700 1 _aBlanco Ferrero , Vicenta
_eed
_948428
700 1 _aBruni, Pierfranco
_eintr.
_950924
700 1 _aGarcía López, Ángel
_eed.
_950931
700 1 _aVicandi, Ana
_epról.
_950932
830 0 _aTiflos narrativa;
_v16
_950933
049 _aBNGR
999 _c24312
_d24312